| 000 | 00637nam a2200217Ii 4500 | ||
|---|---|---|---|
| 003 | JO-AjNU | ||
| 008 | 230606s9999||||xx |||||||||||||| ||und|| | ||
| 020 | _a978-1-138-49491-5 | ||
| 040 |
_aJO-AjNU _beng _erda _cJO-AjNU |
||
| 041 | _aeng | ||
| 050 | 1 | 4 | _aDS62.7.T83 2019 |
| 100 | 3 |
_aTucker, Ernest, _eauthor _96160 |
|
| 245 | 0 | 4 | _aThe Middle East in Modern World History |
| 250 | _a2ed | ||
| 264 | 3 | 1 | _aNew York and London:Routledge,2019 |
| 300 | _a395p | ||
| 336 |
_atext _btxt _2rdacontent |
||
| 337 |
_aunmediated _bn _2rdamedia |
||
| 338 |
_avolume _bnc _2rdacarrier |
||
| 650 | 4 |
_aThe Middle East- Modern World History _96161 |
|
| 999 |
_aE3197 _c3193 _d3193 |
||